000 00615nam a22002297a 4500
003 Ost
005 20250902111120.0
008 250901b |||||||| |||| 00| 0 eng d
020 _a9780727741783
040 _cBT-PhCST
050 _a25513-25516
082 _222
_a628.21
_bASH
100 _aAshley, Richard.
245 _aIce handbook of urban drainage practice /
260 _aLondon :
_bEmerald Publishing Limited,
_cc2024.
300 _axxi, 459 p. ;
_bill. ;
_c25 cm.
500 _aIncludes index.
700 _aSmith, Brian.
700 _aShaffer, Paul.
700 _aCaffor, Issy.
942 _2ddc
_cWRE
999 _c10093
_d10093